[Event "IV ch-IberoAmerican GpA"]
[Site "Quito ECU"]
[Date "2012.04.16"]
[Round "3.1"]
[White "Prasca Sosa,R"]
[Black "Macias Murillo,B"]
[Result "1/2-1/2"]
[WhiteElo "2420"]
[BlackElo "2382"]

1.e4 c5 2.Nf3 e6 3.Nc3 a6 4.d4 cxd4 5.Nxd4 Ne7 6.g3 Nec6 7.Nb3 d6 8.Bg2 Nd7
9.a4 Be7 10.f4 Rb8 11.Be3 Qc7 12.O-O O-O 13.g4 Re8 14.g5 Bf8 15.Rf3 g6 16.Rh3 Bg7
17.Qe1 Nb4 18.Qf2 b6 19.Rd1 Nf8 20.Rd2 Nc6 21.Rg3 Na5 22.Nxa5 bxa5 23.Nd1 Rb4
24.c3 Rxa4 25.Bb6 Qb8 26.Ba7 Qc7 27.Bb6 Qb8 28.Ba7 Qc7 29.Bb6 Qb8  1/2-1/2

[Event "10th Nabokov Mem GM"]
[Site "Kiev UKR"]
[Date "2012.04.19"]
[Round "1.5"]
[White "Soltanici,R"]
[Black "Pavlov,S2"]
[Result "1/2-1/2"]
[WhiteElo "2397"]
[BlackElo "2460"]

1.e4 c5 2.Nf3 e6 3.d4 cxd4 4.Nxd4 a6 5.Nc3 Qc7 6.Bd3 Nc6 7.Nxc6 dxc6 8.f4 e5
9.f5 b5 10.Be3 h5 11.a4 b4 12.Nb1 Nf6 13.Nd2 Nd7 14.Nb3 c5 15.Qe2 Bb7 16.Nd2 Be7
17.O-O h4 18.a5 Nf6 19.Nc4 h3 20.g3 Nxe4 21.Bxe4 Bxe4 22.Bh6 Rxh6 23.Qxe4 Qc6
24.Qxc6+ Rxc6 25.Nxe5 Rd6 26.Rae1 Kf8 27.Rd1 Rad8 28.Rxd6 Rxd6 29.Nc4 Rd5
30.Rf3 Bf6 31.Kf2 Rd1 32.g4 Rc1 33.Kg3 Rxc2 34.b3 Bd8 35.Kxh3 Bc7 36.g5 Rxh2+
37.Kg4 Rg2+ 38.Kh4 Bd8 39.Rd3 Bxg5+ 40.Kh3 Rc2 41.Rd6 Rc3+ 42.Kg4 Bf6 43.Rxa6 Rxb3
44.Ra8+ Ke7 45.Ra7+ Kd8 46.a6 Rc3 47.Nd6 Ra3 48.Nxf7+ Kc8 49.Nd6+ Kb8 50.Rb7+ Ka8
51.Rb6 b3 52.Nb5 Ra4+ 53.Kf3 Rb4 54.Rb7 Rxb5 55.Rxb5 b2 56.Ke2 Ka7 57.Kd3 Kxa6
58.Rb8 Be5 59.Rb3 Bd4 60.Kc2  1/2-1/2

[Event "TCh-CZE Extraliga 2011-12"]
[Site "Czech Republic CZE"]
[Date "2012.04.20"]
[Round "9.4"]
[White "Palecek,P"]
[Black "Votava,J"]
[Result "1-0"]
[WhiteElo "2227"]
[BlackElo "2538"]

1.e4 c5 2.Nf3 e6 3.d4 cxd4 4.Nxd4 a6 5.Nc3 b5 6.Bd3 d6 7.O-O Nf6 8.Qe2 Be7
9.a4 b4 10.Na2 Qb6 11.Be3 Qb7 12.Bd2 e5 13.Nf3 Nc6 14.c3 b3 15.Nb4 O-O 16.h3 h6
17.Rfe1 Nxb4 18.cxb4 Be6 19.Bc3 Rfc8 20.Nd2 Nd7 21.Nc4 Nf8 22.Na5 Qb6 23.Bc4 Ng6
24.Bxb3 Bxb3 25.Nxb3 d5 26.exd5 Bxb4 27.Qe3 Qb7 28.Na5 Bxa5 29.Bxa5 Qxd5
30.Bc3 f6 31.g3 Rd8 32.Qe2 Kh7 33.Qc2 Qd3 34.Qxd3 Rxd3 35.Rad1 Rad8 36.Rxd3 Rxd3
37.Re4 Ne7 38.Kf1 Nd5 39.Ke2 Rxc3 40.bxc3 Nxc3+ 41.Kd3 Nxe4 42.Kxe4 a5 43.Kf5 Kg8
44.Kg6 Kf8 45.g4 Kg8 46.h4 Kf8 47.g5 fxg5 48.hxg5 h5 49.Kxh5 Kf7 50.f3 Kf8
51.Kg6 Kg8 52.Kf5 Kf7 53.Kxe5 Kg6 54.f4  1-0

[Event "7th Open d'Angers"]
[Site "Angers FRA"]
[Date "2012.04.21"]
[Round "4"]
[White "Burel,I"]
[Black "Primel,D"]
[Result "1-0"]
[WhiteElo "1910"]
[BlackElo "1990"]

1.e4 c5 2.Nc3 a6 3.Nf3 e6 4.d4 cxd4 5.Nxd4 Qc7 6.Bd3 Nf6 7.O-O Nc6 8.Be3 Ne5
9.h3 Bc5 10.Kh1 d6 11.f4 Ng6 12.Qe2 Bd7 13.Rad1 O-O 14.Qf2 Rac8 15.g4 Qb6
16.g5 Ne8 17.f5 exf5 18.exf5 Ne5 19.Nd5 Nxd3 20.Rxd3 Qd8 21.f6 g6 22.Ne7+ Kh8
23.Qh4 h5 24.gxh6 Bxd4 25.Bxd4 Kh7 26.c3 Bb5 27.Rg3 Bxf1 28.Rxg6 fxg6 29.Qe4  1-0

[Event "Grand Congress Open"]
[Site "Bournemouth ENG"]
[Date "2012.04.21"]
[Round "2.25"]
[White "Bautista,M"]
[Black "Bass,J"]
[Result "0-1"]
[WhiteElo "2110"]
[BlackElo "2049"]

1.e4 c5 2.Nf3 e6 3.d4 cxd4 4.Nxd4 a6 5.Nc3 Qc7 6.Be3 Nf6 7.Be2 Bb4 8.Qd3 d5
9.f3 e5 10.O-O Bxc3 11.bxc3 exd4 12.cxd4 Bd7 13.exd5 Nxd5 14.Qe4+ Be6 15.Bd2 Nd7
16.c4 N7f6 17.Qh4 Ne7 18.d5 Ng6 19.Qe1 Bd7 20.Bb4 O-O-O 21.d6 Qc6 22.Qf2 Kb8
23.Rab1 Nf4 24.Ba5 Nxe2+ 25.Qxe2 Qc5+  0-1

[Event "TCh-HUN 2011-12"]
[Site "Decs HUN"]
[Date "2012.04.22"]
[Round "9"]
[White "Farkas,Zs"]
[Black "Papp,T1"]
[Result "1/2-1/2"]
[WhiteElo "2182"]
[BlackElo "2291"]

1.e4 c5 2.Nf3 e6 3.d4 cxd4 4.Nxd4 a6 5.Nc3 Qc7 6.Bd3 Nf6 7.Qe2 Nc6 8.Nxc6 bxc6
9.e5 Nd5 10.Nxd5 cxd5 11.O-O Be7 12.f4 g6 13.Be3 O-O 14.Rac1 Bb7 15.c4 dxc4
16.Bxc4 Qa5 17.Rfd1 Bc6 18.b3 Qa3 19.Rc2  1/2-1/2

[Event "TCh-HUN 2011-12"]
[Site "Paks HUN"]
[Date "2012.04.22"]
[Round "9"]
[White "Szabo,Krisz1"]
[Black "Rigo,Z"]
[Result "1-0"]
[WhiteElo "2546"]
[BlackElo "2384"]

1.e4 c5 2.Nf3 e6 3.d4 cxd4 4.Nxd4 a6 5.Nc3 Qc7 6.Bd3 Nf6 7.O-O d6 8.f4 Nbd7
9.Kh1 b5 10.Qe2 Bb7 11.Bd2 Be7 12.b4 h5 13.a4 bxa4 14.Rxa4 Qb6 15.Nb3 h4
16.Na5 Bc8 17.Nc4 Qb8 18.e5 dxe5 19.fxe5 Nh5 20.Ne4 Nxe5 21.Nxe5 Qxe5 22.Ra5 Ng3+
23.Nxg3 Qxe2 24.Nxe2  1-0

[Event "14th Dubai Open 2012"]
[Site "Dubai UAE"]
[Date "2012.04.23"]
[Round "9.23"]
[White "Harutjunyan,G"]
[Black "Nandhidhaa,P"]
[Result "1-0"]
[WhiteElo "2455"]
[BlackElo "2160"]

1.e4 c5 2.Nc3 e6 3.Nf3 a6 4.d4 cxd4 5.Nxd4 Qc7 6.Qf3 Nf6 7.Bg5 Be7 8.Be2 Qe5
9.Be3 b5 10.Nb3 Bb4 11.Bd4 Qc7 12.a3 Bxc3+ 13.Bxc3 Bb7 14.Bxf6 gxf6 15.Qxf6 Rg8
16.Bh5 Rf8 17.O-O-O Bxe4 18.Rd2 Qd8 19.Qf4 Bg6 20.Bf3 Ra7 21.h4 h5 22.Re1 Rc7
23.Nd4 Qc8 24.Bxh5 Bxh5 25.Nf5 Rc6 26.Qg5 f6 27.Qxh5+ Kd8 28.Nd4  1-0

[Event "14th Dubai Open 2012"]
[Site "Dubai UAE"]
[Date "2012.04.23"]
[Round "9.24"]
[White "Atabayev,M"]
[Black "Nitin,S"]
[Result "1-0"]
[WhiteElo "2367"]
[BlackElo "2420"]

1.e4 c5 2.Nf3 e6 3.d4 cxd4 4.Nxd4 a6 5.Nc3 Qc7 6.Be2 b5 7.Bf3 Bb7 8.O-O d6
9.Re1 Nf6 10.Bg5 Nbd7 11.a4 bxa4 12.Nd5 exd5 13.exd5+ Ne5 14.Nc6 Bxc6 15.Bxf6 gxf6
16.dxc6 Be7 17.Bd5 h5 18.Rxa4 Kf8 19.Re3 h4 20.Rb3 Qa7 21.Rb7 Qc5 22.Qd2 Nxc6
23.Rc7 Rb8 24.Rxc6 Qb5 25.Rcxa6 Qxb2 26.h3 f5 27.Ra7 Qe5 28.Ra1 Rb5 29.Bc4 Rb7
30.R7a5 Qf6 31.Re1 Kg7 32.Qd3 Qg6 33.Rxf5 Bf6 34.Qf3 Ra7 35.Re4 Rb8 36.Rxf6 Ra1+
37.Kh2 Rba8  1-0

[Event "10th Nabokov Mem IM"]
[Site "Kiev UKR"]
[Date "2012.04.23"]
[Round "6.4"]
[White "Golub,D"]
[Black "Baltag,I"]
[Result "0-1"]
[WhiteElo "2250"]
[BlackElo "2420"]

1.e4 c5 2.Nf3 e6 3.d4 cxd4 4.Nxd4 a6 5.Nc3 b5 6.Bd3 Qb6 7.Nb3 Qc7 8.Be3 Bb7
9.f4 Nf6 10.Qf3 b4 11.Ne2 d5 12.Ng3 Nbd7 13.Bd4 dxe4 14.Nxe4 Be7 15.O-O-O Rc8
16.Kb1 Nxe4 17.Bxe4 Bxe4 18.Qxe4 O-O 19.Rd2 a5 20.Rhd1 a4 21.Nc1 Nf6 22.Qf3 Nd5
23.Ne2 Bf6 24.Bxf6 Nxf6 25.c3 bxc3 26.Nxc3 Qa5 27.a3 Rb8 28.Rd4 Rb3 29.Rxa4 Qb6
30.Rb4 Rxb4 31.axb4 Qxb4 32.Qf2 Ne4 33.Qd4 Nxc3+ 34.Qxc3 Qxf4 35.g3 Qe4+
36.Qc2 Qe5 37.Qc3 Qe4+ 38.Qd3 Qa8 39.Qa3 Qb7 40.Qd3 g6 41.Qd7 Qe4+ 42.Qd3 Qe5
43.Qd4 Qf5+ 44.Qd3 Qf6 45.Rf1 Qe7 46.Rd1 Rb8 47.Qd6 Qa7 48.Qd4 Qa5 49.Rd3 Qf5
50.g4 Qf1+ 51.Rd1 Qb5 52.Qf6 Qe2 53.Rd8+ Rxd8 54.Qxd8+ Kg7 55.g5 Qf2 56.h4 Qf4
57.Qe7 h5 58.gxh6+ Kxh6 59.b4 Qe3 60.Ka2 e5 61.Kb2 Qd4+ 62.Ka3 e4 63.h5 e3
64.hxg6 Kxg6 65.Qe8 Qd3+ 66.Kb2 e2 67.Qg8+ Kf6 68.Qh8+ Kg5 69.Qg7+ Kh4 70.Qh6+ Kg4
71.Qg7+ Kh3 72.Qh6+ Kg2 73.Qg5+ Qg3 74.Qd5+ Qf3 75.Qg5+ Kf1 76.Qb5 f5 77.Kc2 f4
78.Qc4 Kf2  0-1

[Event "Historical Melaka Op"]
[Site "Melaka MAS"]
[Date "2012.04.24"]
[Round "2"]
[White "Karthikeyan,P2"]
[Black "Horvath,Ad1"]
[Result "1/2-1/2"]
[WhiteElo "2414"]
[BlackElo "2487"]

1.e4 c5 2.Nf3 e6 3.d4 cxd4 4.Nxd4 a6 5.Nc3 b5 6.Bd3 Qb6 7.Nb3 Qc7 8.O-O Nf6
9.f4 b4 10.Nb1 Bb7 11.Qe2 d6 12.a4 Be7 13.a5 Nbd7 14.N1d2 O-O 15.Nf3 e5 16.Kh1 Rfe8
17.fxe5 Nxe5 18.Bd2 d5 19.Nxe5 dxe4 20.Nxf7 exd3 21.Qe6 Bd8 22.Nh6+ Kh8 23.Nf7+ Kg8
24.Nh6+ Kh8  1/2-1/2

[Event "Magistral Osasco 50 Anos"]
[Site "Osasco BRA"]
[Date "2012.04.26"]
[Round "3.3"]
[White "Alonso,S"]
[Black "Terao,R"]
[Result "1/2-1/2"]
[WhiteElo "2506"]
[BlackElo "2364"]

1.e4 c5 2.Nf3 e6 3.d4 cxd4 4.Nxd4 a6 5.Nc3 Qc7 6.Bd3 Nf6 7.O-O d6 8.f4 b5
9.Kh1 Bb7 10.Qe2 Nbd7 11.Bd2 Be7 12.Rae1 Nc5 13.b4 Nxd3 14.cxd3 O-O 15.Rc1 Qd8
16.a4 bxa4 17.Nxa4 Rc8 18.Be3 Nd7 19.Qa2 Bf6 20.Qb3  1/2-1/2

[Event "3rd LUC Open"]
[Site "Lille FRA"]
[Date "2012.04.27"]
[Round "6.29"]
[White "Malaret,Simeon"]
[Black "Sobry,S"]
[Result "0-1"]
[WhiteElo "1489"]
[BlackElo "2046"]

1.e4 c5 2.Nf3 e6 3.d4 cxd4 4.Nxd4 a6 5.Nc3 Qc7 6.Be2 Bb4 7.Bd2 Nf6 8.Bf3 O-O
9.O-O Nc6 10.Nxc6 bxc6 11.Re1 e5 12.a3 Be7 13.Ne2 Rb8 14.Qc1 d5 15.Ng3 Bd6
16.Bg5 Nxe4 17.Nxe4 dxe4 18.Bxe4 f5 19.Bd3 Kh8 20.h3 Qf7 21.Bd2 Qg6 22.f3 Qg3
23.Rf1 e4 24.Be2 e3 25.f4 exd2 26.Qxd2 Bc5+ 27.Kh1 Qe3 28.Qe1 Rxb2 29.Bd3 Qxe1
30.Rfxe1 Bd6 31.g3 g6  0-1

[Event "TCh-AUT 2 Mitte 2011-12"]
[Site "Fuerstenfeld AUT"]
[Date "2012.04.28"]
[Round "10"]
[White "Waldmann,G"]
[Black "Sandhoefner,F"]
[Result "1/2-1/2"]
[WhiteElo "2208"]
[BlackElo "2201"]

1.e4 c5 2.Nf3 e6 3.d4 cxd4 4.Nxd4 a6 5.Nc3 Qc7 6.g3 Bb4 7.Bd2 Nc6 8.Nxc6 dxc6
9.Bg2 e5 10.O-O Be7 11.Qe2 Nf6 12.a4 b6 13.b3 Bb7 14.Rfd1 O-O 15.Be3 b5 16.axb5 axb5
17.Bg5 h6 18.Bxf6 Bxf6 19.Qe3 Be7 20.Bh3 Rxa1 21.Rxa1 b4 22.Na4 c5 23.Rd1 Rd8
24.Rxd8+ Qxd8 25.Nb2 Qd4 26.Qxd4 cxd4 27.f3 Bd6 28.Kf2 g6 29.Nc4 Bc7 30.g4 Kg7  1/2-1/2

[Event "Ostravsky Konik A"]
[Site "Ostrava CZE"]
[Date "2012.04.28"]
[Round "1.30"]
[White "Morozova,Ulia"]
[Black "Chlevistan,J"]
[Result "1/2-1/2"]
[WhiteElo "1875"]
[BlackElo "2140"]

1.e4 c5 2.Nf3 e6 3.d4 cxd4 4.Nxd4 a6 5.Nc3 Qc7 6.Bd2 Nf6 7.Bd3 b5 8.O-O Bb7
9.Re1 d6 10.a4 bxa4 11.Nxa4 Be7 12.Qe2 O-O 13.b4 d5 14.e5 Ne4 15.c3 Qxe5
16.Nb6 Ra7 17.Nb5 axb5 18.Rxa7 Qc7 19.Na8 Qc8 20.Bxe4 Nc6 21.Nb6 Qc7 22.Nxd5 exd5
23.Rxb7 Qxb7 24.Bxd5 Bf6 25.Qe4 Qd7  1/2-1/2

[Event "Ostravsky Konik A"]
[Site "Ostrava CZE"]
[Date "2012.04.28"]
[Round "1.12"]
[White "Kubik,M"]
[Black "Weichhold,P"]
[Result "0-1"]
[WhiteElo "2030"]
[BlackElo "2326"]

1.e4 c5 2.Nf3 e6 3.d4 cxd4 4.Nxd4 a6 5.Nc3 Qc7 6.Bd3 Bd6 7.Nb3 Nf6 8.Bd2 Nc6
9.h3 b5 10.a4 b4 11.Na2 Bb7 12.O-O Be7 13.Qe1 d5 14.Nxb4 dxe4 15.Be2 Ne5
16.a5 h5 17.Be3 g5 18.Bb6 Qb8 19.Nc5 g4 20.Nxb7 Qxb7 21.Qc3 Ng6 22.hxg4 Nf4
23.Rfe1 hxg4 24.Qc6+ Qxc6 25.Nxc6 Bd6 26.Rad1 Nxe2+ 27.Rxe2 Bh2+ 28.Kf1 Be5
29.Red2 Rh1+ 30.Ke2 Rxd1 31.Kxd1 Bxb2 32.c4 Bc3 33.Rd6 Nd7 34.c5 Bg7 35.Nb4 Ne5
36.Bc7 Rc8 37.Nxa6 Nc4 38.Rb6 Nxa5 39.Nb4 Rxc7  0-1

[Event "TCh-SUI National A 2012"]
[Site "Switzerland SUI"]
[Date "2012.04.29"]
[Round "3.5"]
[White "Berset,P"]
[Black "Grandadam,N"]
[Result "0-1"]
[WhiteElo "2096"]
[BlackElo "2361"]

1.e4 c5 2.Nf3 e6 3.Nc3 a6 4.d4 cxd4 5.Nxd4 Qc7 6.g3 Bb4 7.Bd2 Nf6 8.Bg2 Nc6
9.Nxc6 dxc6 10.O-O Be7 11.Be3 e5 12.h3 Be6 13.Qf3 O-O 14.Rfd1 Rad8 15.Rxd8 Rxd8
16.Rd1 b5 17.b3 h6 18.Qe2 Bb4 19.Rxd8+ Qxd8 20.Nd1 Qa5 21.Nb2 Qxa2 22.Nd3 Bf8
23.Qd1 Bd6 24.f4 Bc7 25.Nb4 Qa5 26.Nxc6 Qc3  0-1

[Event "RBTT Heroes Day Cup 2012"]
[Site "Bridgetown BAR"]
[Date "2012.04.30"]
[Round "7"]
[White "Del Castilho,M"]
[Black "Zapata,Alo"]
[Result "1-0"]
[WhiteElo "2218"]
[BlackElo "2485"]

1.e4 c5 2.Nf3 e6 3.d4 cxd4 4.Nxd4 a6 5.Nc3 Qc7 6.Bd3 Nc6 7.Nxc6 dxc6 8.O-O e5
9.f4 Bd6 10.f5 Nf6 11.Kh1 Qe7 12.a4 b6 13.Bg5 Bb7 14.Qe2 Bc5 15.Nb1 h6 16.Bh4 O-O
17.Nd2 b5 18.Rf3 Rad8 19.Raf1 Rd6 20.g4 Qd8 21.Rh3 g5 22.fxg6 fxg6 23.g5 Nh7
24.gxh6 Rxf1+ 25.Qxf1 g5 26.Qg2 Kh8 27.Rg3 gxh4 28.Rg7 Rxh6 29.Rxb7 Qf8 30.Nf3 h3
31.Qg3 Rg6 32.Qxe5+ Qf6 33.Qxf6+ Nxf6 34.e5 Ne4 35.Bxe4 Rg4 36.Rh7+ Kg8 37.Rh4  1-0

[Event "Nakhchivan Open 2012"]
[Site "Nakhchivan AZE"]
[Date "2012.04.30"]
[Round "3.3"]
[White "Guseinov,G"]
[Black "Rasulov,Vu"]
[Result "1/2-1/2"]
[WhiteElo "2616"]
[BlackElo "2526"]

1.e4 c5 2.Nf3 e6 3.Nc3 a6 4.d4 cxd4 5.Nxd4 b5 6.Bd3 d6 7.O-O Nf6 8.a4 b4
9.Na2 e5 10.Nf3 Nc6 11.Bd2 Rb8 12.Qe2 Qc7 13.Rfc1 a5 14.c3 b3 15.Nb4 Na7
16.Be3 Ra8 17.Nd2 Be7 18.Bxa7 Qxa7 19.Bb5+ Bd7 20.Nc6 Qb7 21.Nxe7 Kxe7 22.c4 Rhc8
23.Qd3 Nh5 24.c5 dxc5 25.Nc4 Qc7 26.Qxd7+ Qxd7 27.Bxd7 Kxd7 28.Nb6+ Kc6 29.Nxc8 Rxc8
30.g3 Nf6 31.Rc4 Nd7 32.Rc3 Rb8 33.Ra3 Rb4 34.Rcxb3 c4 35.Rxb4 axb4 36.Ra1 Nc5
37.Rc1 c3 38.bxc3 b3 39.Kf1 Nxe4 40.Ke1 Nc5 41.Rb1 Kb6 42.Kd2 Ka5 43.Rd1 e4
44.Ra1 f5 45.h4 g6 46.Ke3 Nxa4 47.Rb1 b2 48.Kd4 Kb5 49.Rh1 h6 50.Rg1  1/2-1/2

[Event "Copenhagen Chess Challenge 2012"]
[Site "Ballerup DEN"]
[Date "2012.05.02"]
[Round "1"]
[White "Rydstrom,Tom"]
[Black "Stefansson,H"]
[Result "0-1"]
[WhiteElo "2037"]
[BlackElo "2516"]

1.e4 c5 2.Nf3 e6 3.d4 cxd4 4.Nxd4 a6 5.Nc3 b5 6.Bd3 Qb6 7.Nb3 Qc7 8.O-O Nf6
9.f4 d6 10.a3 Bb7 11.Qe2 Nbd7 12.Bd2 Be7 13.Rae1 e5 14.f5 O-O 15.g4 d5 16.g5 dxe4
17.Nxe4 Nxe4 18.Bxe4 Rfe8 19.Rf3 Rac8 20.Rc3 Qb8 21.Rh3 Bxe4 22.Qxe4 Rc4
23.Qd3 Nf8 24.c3 Rg4+ 25.Rg3 e4 26.Qe2 Rxg3+ 27.hxg3 Bxg5 28.Qf2 Qd8 29.Nd4 Nd7
30.Bf4 h6 31.Qe3 Bf6 32.Rd1 Nc5 33.Rd2 Nd3 34.Nc6 Qc8 35.Nb4 Nxf4 36.gxf4 Qxf5
37.Nxa6 g5 38.Rf2 Rd8 39.fxg5 Rd1+ 40.Kg2 Qg4+  0-1

[Event "ch-LAT 2012"]
[Site "Riga LAT"]
[Date "2012.05.05"]
[Round "9"]
[White "Berzinsh,R"]
[Black "Meskovs,N"]
[Result "0-1"]
[WhiteElo "2422"]
[BlackElo "2319"]

1.e4 c5 2.Nf3 e6 3.d4 cxd4 4.Nxd4 a6 5.Nc3 Qc7 6.g3 Bb4 7.Bd2 Nc6 8.Nb3 Nf6
9.Bg2 Be7 10.O-O b5 11.a3 Bb7 12.f4 d6 13.g4 Nd7 14.Qe2 h6 15.Nd5 exd5 16.exd5 Nd8
17.Rae1 Nf6 18.Ba5 Qd7 19.Nd4 Nxd5 20.Nf5 Ne6 21.Qd2 Nf6 22.g5 Ng4 23.Qe2 Nxh2
24.g6 O-O 25.Kxh2 Bxg2 26.Qxg2 fxg6 27.Qxg6 Rf6 28.Qg2 Raf8 29.Nxe7+ Qxe7
30.Bc3 Rxf4 31.Rxf4 Rxf4 32.Qd5 Qh4+  0-1

[Event "ch-LAT w 2012"]
[Site "Riga LAT"]
[Date "2012.05.05"]
[Round "9"]
[White "Erneste,I"]
[Black "Djogteva,Jekaterina"]
[Result "1-0"]
[WhiteElo "2190"]
[BlackElo "1771"]

1.e4 c5 2.Nf3 e6 3.Nc3 a6 4.d4 cxd4 5.Nxd4 Qc7 6.Bd3 Bb4 7.Bd2 Ne7 8.O-O Nbc6
9.Nxc6 Nxc6 10.Qg4 Qe5 11.Bf4 Qf6 12.e5 Qe7 13.Qxg7 Qf8 14.Qg3 Bxc3 15.bxc3 b5
16.a4 Bb7 17.Be4 h5 18.axb5 h4 19.Qe3 axb5 20.Rxa8+ Bxa8 21.Ra1 Bb7 22.Qb6 Qg7
23.Qxb7 Nd8 24.Qb6 h3 25.Ra8 Ke7 26.Qd6+ Ke8 27.Qc7 Ke7 28.Ra7 Re8 29.Qd6+  1-0

[Event "TCh-HUN 2011-12"]
[Site "Budapest HUN"]
[Date "2012.05.06"]
[Round "10"]
[White "Feher,Ad"]
[Black "Horvath,Gy1"]
[Result "1/2-1/2"]
[WhiteElo "2342"]
[BlackElo "2364"]

1.e4 c5 2.Nf3 e6 3.d4 cxd4 4.Nxd4 a6 5.Nc3 Qc7 6.Bd3 Nc6 7.Nxc6 dxc6 8.Be3 Nf6
9.Na4 Nd7 10.c4 Bb4+ 11.Bd2 Qd6 12.Qc2 Bxd2+ 13.Qxd2 b5 14.Nc3 Nc5 15.O-O-O b4
16.Ne2 e5 17.Kb1 a5 18.Qe3 O-O 19.Ng3 f6 20.Be2 Qe7 21.h3 Be6 22.Bg4 Rfd8
23.Bxe6+ Nxe6 24.Nf5 Qa7 25.Rxd8+ Nxd8 26.Qxa7 Rxa7 27.Rd1 Nf7 28.Kc2 Kf8
29.c5 g6 30.Nd6 Ng5 31.Kb3 Ne6 32.Kc4 Rd7 33.h4 h5 34.g3 Rd8 35.Rd3  1/2-1/2

[Event "14th Salou Open"]
[Site "Salou ESP"]
[Date "2012.05.06"]
[Round "4.5"]
[White "Asis Gargatagli,H"]
[Black "Vehi Bach,V"]
[Result "1-0"]
[WhiteElo "2473"]
[BlackElo "2359"]

1.e4 c5 2.Nf3 e6 3.Nc3 a6 4.d4 cxd4 5.Nxd4 d6 6.Be3 Nf6 7.g4 h6 8.Bg2 Nc6
9.h3 Ne5 10.Qe2 g5 11.O-O-O Qc7 12.Nf3 Nfd7 13.Nxe5 Nxe5 14.h4 Rg8 15.hxg5 hxg5
16.Rh5 Be7 17.f3 Bd7 18.Qf2 b5 19.Kb1 Qb7 20.Ne2 Nc4 21.Bc1 a5 22.f4 gxf4
23.e5 Qa7 24.Qe1 d5 25.Nxf4 O-O-O 26.Rh7 Be8 27.b3 Nb6 28.g5 Rxg5 29.Bh3 Nd7
30.Nxe6 fxe6 31.Rxe7 Rxe5 32.Qxe5  1-0

[Event "42nd Bosna Open B"]
[Site "Sarajevo BIH"]
[Date "2012.05.06"]
[Round "3.6"]
[White "Draganic,V"]
[Black "Zlobec,S"]
[Result "1-0"]
[WhiteElo "2274"]
[BlackElo "2085"]

1.e4 c5 2.Nf3 e6 3.d4 cxd4 4.Nxd4 a6 5.Nc3 Qc7 6.Bd3 Nf6 7.O-O Nc6 8.Nxc6 dxc6
9.f4 e5 10.Kh1 Bd6 11.f5 Bc5 12.Bg5 b5 13.Bxf6 gxf6 14.Qg4 Bb7 15.a4 O-O-O
16.Rf3 Bd4 17.Rh3 Rdg8 18.Qe2 Qa5 19.Nd1 Rg5 20.c3 Ba7 21.b4 Qb6 22.Ne3 Rhg8
23.Qa2 Qc7 24.Bf1 Bxe3 25.Rxe3 Rd8 26.Qe2 Rd6 27.Rh3 Rg7 28.Qe3 Qd8 29.Qc5 Kb8
30.a5 Rd2 31.Rd3 Rxd3 32.Bxd3 Rg8 33.Rd1 Qf8 34.Be2 Qxc5 35.bxc5 Kc7 36.Bh5 Rd8
37.Rxd8 Kxd8 38.Bxf7 Bc8 39.g4 Ke7 40.Bg8 h6 41.Kg2 Bd7 42.Kg3 Kf8 43.Be6 Be8
44.Kh4 Ke7 45.Bg8 Kf8 46.Be6 Ke7 47.Kg3 Bf7 48.Bxf7 Kxf7 49.Kh4 Kg7 50.Kh5 Kh7
51.h4 Kg7 52.g5 hxg5 53.hxg5 Kf7 54.Kh6 Ke7 55.g6 Kf8 56.Kh7  1-0

[Event "ch-Catalunya 2012"]
[Site "Barcelona ESP"]
[Date "2012.05.12"]
[Round "1.1"]
[White "Farran Martos,J"]
[Black "Lopez Martinez,Josep"]
[Result "0-1"]
[WhiteElo "2210"]
[BlackElo "2506"]

1.e4 c5 2.Nf3 e6 3.d4 cxd4 4.Nxd4 a6 5.Nc3 Qc7 6.Bd3 Nf6 7.f4 d6 8.a4 b6
9.O-O Nbd7 10.Qe2 Bb7 11.f5 e5 12.Nb3 h6 13.Be3 Be7 14.Rad1 O-O 15.Bf2 Rfc8
16.Rd2 Qb8 17.Bc4 Rc7 18.Nd5 Nxd5 19.Bxd5 Bxd5 20.Rxd5 Qb7 21.Re1 Rac8 22.c3 Rc4
23.Nd2 Rxa4 24.Qd1 Ra5 25.Rxa5 bxa5 26.Qa4 Qb5 27.Qxb5 axb5 28.Ra1 a4 29.Kf1 Bd8
30.Ke2 Bb6 31.Bh4 f6 32.Rd1 Kf7 33.Nb1 Bc5 34.Bf2 Ke7 35.Be1 Nb6 36.Nd2 b4
37.Kd3 bxc3 38.bxc3 Kd7 39.Ra1 Kc6 40.Nc4 Nxc4 41.Kxc4 a3 42.Bd2 Ra8 43.Bc1 Ra4+
44.Kb3 Rxe4 45.Bxa3 Bxa3 46.Rxa3 Re2 47.g3 Rxh2 48.Ra7 Rh5 49.Rxg7 Rxf5 50.Rg6 h5
51.g4 hxg4 52.Rxg4 d5 53.Ra4 Rf3 54.Kc2 e4 55.Ra6+ Kb5 56.Rd6 Kc5 57.Re6 f5  0-1

[Event "ch-CZE 2012"]
[Site "Kouty nad Desnou CZE"]
[Date "2012.05.12"]
[Round "1"]
[White "Vlasak,Lu"]
[Black "Votava,J"]
[Result "0-1"]
[WhiteElo "2247"]
[BlackElo "2538"]

1.e4 c5 2.Nf3 e6 3.d4 cxd4 4.Nxd4 a6 5.Nc3 b5 6.Bd3 d6 7.O-O Nf6 8.Qe2 Be7
9.Bd2 O-O 10.b4 Bb7 11.a4 bxa4 12.Nxa4 Nfd7 13.c3 Ne5 14.f4 Nxd3 15.Qxd3 Nd7
16.Rfe1 a5 17.bxa5 Rxa5 18.c4 Ra8 19.Nb5 Rxa4 20.Rxa4 Nc5 21.Qc2 Nxa4 22.Qxa4 Qb6+
23.Kh1 Rc8 24.Na7 Ra8 25.Be3 Qb2 26.Bg1 Bh4 27.g3 Be7 28.Qb5 Qxb5 29.cxb5 Kf8
30.Nc6 Ra4 31.Bf2 g6 32.Rc1 Rxe4 33.Kg1 Bf6 34.Rd1 Bxc6 35.bxc6 Rc4 36.Rxd6 Be7
37.Rd7 Rxc6 38.Rb7 Rc2 39.Bd4 Bc5 40.Rb8+ Ke7 41.Rb7+ Ke8 42.Bxc5 Rxc5 43.Rb2 h5
44.Kg2 Rc3 45.Ra2 Kd7 46.Ra7+ Rc7 47.Ra2 Kd6 48.Rd2+ Ke7 49.Ra2 Kf6 50.Re2 Rc5
51.Kf2 Kf5 52.Kf3 g5 53.fxg5 Kxg5 54.Kg2 e5  0-1

[Event "ch-Catalunya 2012"]
[Site "Barcelona ESP"]
[Date "2012.05.13"]
[Round "1.2"]
[White "Sanchez Ibern,M"]
[Black "Asis Gargatagli,H"]
[Result "1/2-1/2"]
[WhiteElo "2359"]
[BlackElo "2473"]

1.e4 c5 2.Nf3 e6 3.d4 cxd4 4.Nxd4 a6 5.Nc3 Qc7 6.g3 Bb4 7.Bd2 Nf6 8.Bg2 Nc6
9.Nxc6 dxc6 10.O-O Be7 11.Qe2 e5 12.Nd1 Bg4 13.f3 Be6 14.a4 O-O-O 15.Ne3 Qb6
16.Bc3 Nd7 17.a5 Qc5 18.Be1 h5 19.b4 Qd6 20.c4 h4 21.f4 f5 22.Rd1 Qc7 23.Nxf5 Bxf5
24.exf5 hxg3 25.hxg3 Bf6 26.b5 exf4 27.bxc6 Ne5 28.cxb7+ Kb8 29.Rxd8+ Rxd8
30.gxf4 Nd3 31.Bd5 Nxf4 32.Rxf4 Qxf4 33.Kg2 Be5 34.Qxe5+ Qxe5 35.Bg3 Re8
36.Kf3 Kc7 37.Bxe5+ Rxe5 38.Kf4 Re1 39.Kg5 Rg1+ 40.Kf4 Re1 41.Kg5 Rg1+  1/2-1/2

[Event "Asian Continental 2012"]
[Site "Ho Chi Minh City VIE"]
[Date "2012.05.13"]
[Round "9.34"]
[White "Li Hanbin"]
[Black "Sonjaya,D"]
[Result "1-0"]
[WhiteElo "2289"]
[BlackElo "2321"]

1.e4 c5 2.Nf3 e6 3.d4 cxd4 4.Nxd4 a6 5.Nc3 Qc7 6.g3 b5 7.Bg2 Bb7 8.O-O Nc6
9.Re1 d6 10.a4 b4 11.Nd5 exd5 12.Nxc6 dxe4 13.Bxe4 Be7 14.Qf3 Nf6 15.Nxe7 Nxe4
16.Rxe4 Kf8 17.Nf5  1-0

[Event "ch-CZE 2012"]
[Site "Kouty nad Desnou CZE"]
[Date "2012.05.13"]
[Round "2"]
[White "Bures,J"]
[Black "Kratochvil,Jo"]
[Result "1-0"]
[WhiteElo "2406"]
[BlackElo "2231"]

1.e4 c5 2.Nf3 e6 3.d4 cxd4 4.Nxd4 a6 5.Nc3 Qc7 6.Bd3 Nf6 7.f4 Bb4 8.Nb3 Bxc3+
9.bxc3 d6 10.Ba3 O-O 11.O-O Rd8 12.e5 Ne8 13.Qh5 f5 14.exf6 Nxf6 15.Qh4 Nc6
16.g4 Qb6+ 17.Kh1 e5 18.g5 Be6 19.c4 e4 20.f5 exd3 21.fxe6 Ne8 22.Qf4 Nc7
23.c5 Qb5 24.e7 Nxe7 25.Qf7+ Kh8 26.Bb2 Qc6+ 27.Kg1 Rg8 28.Qxe7 dxc5 29.Qxc5 Qd7
30.cxd3 Qg4+ 31.Kh1 Ne6 32.Qe3 Rae8 33.Rg1  1-0

[Event "Serbia Cup Final 2012"]
[Site "Kragujevac SRB"]
[Date "2012.05.14"]
[Round "1"]
[White "Savicevic,V"]
[Black "Markus,Rob"]
[Result "0-1"]
[WhiteElo "2313"]
[BlackElo "2628"]

1.e4 c5 2.Nf3 e6 3.Nc3 a6 4.d4 cxd4 5.Nxd4 Qc7 6.g3 Bb4 7.Bd2 Nf6 8.Bg2 Nc6
9.Nxc6 dxc6 10.O-O Be7 11.Qe1 e5 12.Na4 Rb8 13.b3 O-O 14.Nb2 Be6 15.f4 exf4
16.gxf4 Rfe8 17.Nd3 Bf8 18.Qg3 g6 19.Rae1 Nh5 20.Qf2 f5 21.Nc5 Ng7 22.Bc3 Qf7
23.Re2 Bxc5 24.Qxc5 fxe4 25.Rxe4 Bd5 26.Rxe8+ Rxe8 27.Bxd5 cxd5 28.Rd1 Ne6
29.Qxd5 Nxf4 30.Qxf7+ Kxf7 31.Rf1 g5 32.Bd2 Re4 33.Bxf4 gxf4 34.Kf2 Ke6 35.Rd1 Re3
36.Rd4 Rc3 37.Rxf4 Rxc2+ 38.Kg3 Rxa2 39.Rh4 Ra3 40.Rh6+ Kd7 41.Kf4 Rxb3 42.Ke4 a5
43.Kd5 Ke7 44.Rxh7+ Kf6 45.Rh8 a4 46.h4 b5 47.Rh6+ Kg7 48.Ra6 a3  0-1

[Event "30th Liechtenstein Open 2012"]
[Site "Triesen LIE"]
[Date "2012.05.14"]
[Round "4.5"]
[White "Vucic,Ml"]
[Black "Hera,I"]
[Result "1/2-1/2"]
[WhiteElo "2336"]
[BlackElo "2567"]

1.d4 e6 2.Nf3 c5 3.e4 cxd4 4.Nxd4 a6 5.Nc3 Qc7 6.Be3 Bb4 7.Qd2 Nf6 8.f3 d5
9.Nde2 dxe4 10.a3 Ba5 11.b4 Bb6 12.Nxe4 Nxe4 13.fxe4 a5 14.Bxb6 Qxb6 15.bxa5 Rxa5
16.Qd4 Rc5 17.Qxg7 Rf8 18.O-O-O Nc6 19.Nd4 Qa5 20.Nxc6 Qxa3+ 21.Qb2 Qxb2+
22.Kxb2 bxc6 23.Ra1 Ke7 24.Ra7+ Bd7 25.Be2 Rd8 26.Rd1 Re5 27.Bf3  1/2-1/2

[Event "FSGM May 2012"]
[Site "Budapest HUN"]
[Date "2012.05.15"]
[Round "11"]
[White "Battey,A"]
[Black "Simonian,H"]
[Result "1/2-1/2"]
[WhiteElo "2403"]
[BlackElo "2475"]

1.e4 c5 2.Nf3 e6 3.Nc3 a6 4.d4 cxd4 5.Nxd4 b5 6.Bd3 Qb6 7.Nf3 Qc7 8.O-O Nc6
9.e5 Bb7 10.Re1 b4  1/2-1/2

[Event "Serbia Cup Final 2012"]
[Site "Kragujevac SRB"]
[Date "2012.05.16"]
[Round "3"]
[White "Brajic,Milo"]
[Black "Pavlovic,G1"]
[Result "1/2-1/2"]
[WhiteElo "2235"]
[BlackElo "2394"]

1.e4 c5 2.Nf3 e6 3.d4 cxd4 4.Nxd4 a6 5.Nc3 Qc7 6.Bd3 Nc6 7.Be3 Nf6 8.Qe2 Bb4
9.O-O d6 10.Na4 Bd7 11.Nxc6 Bxc6 12.Bb6 Qe7 13.a3 Bc5 14.Nxc5 dxc5 15.b4 Nd7
16.bxc5 O-O 17.Qe3 Rfc8 18.f4 Ba4 19.Rab1 g6 20.Rb4 Nxb6 21.Rxb6 Qxc5 22.Qxc5 Rxc5
23.Rxb7 Bxc2 24.Rc1 Rac8 25.Rxc2 Rxc2 26.Bxc2 Rxc2 27.Rb6 Rc4 28.Rb4  1/2-1/2